LIBRARY & INFORMATION CENTRE, KCAET, TAVANUR

ONLINE PUBLIC ACCESS CATALOGUE (OPAC)

Fundamentals of ornamental horticulture and landscape gardening / (Record no. 15432)

MARC details
000 -LEADER
fixed length control field 00339nam a22001217a 4500
020 ## - INTERNATIONAL STANDARD BOOK NUMBER
ISBN 9789381450079
082 ## - DEWEY DECIMAL CLASSIFICATION NUMBER
Classification number 624
Item number TIW/FU
100 ## - MAIN ENTRY--AUTHOR NAME
Personal name Tiwari, A K.
245 ## - TITLE STATEMENT
Title Fundamentals of ornamental horticulture and landscape gardening /
260 ## - PUBLICATION, DISTRIBUTION, ETC. (IMPRINT)
Place of publication New delhi;
Name of publisher New india publishing agency ,
Year of publication 2012 .
300 ## - PHYSICAL DESCRIPTION
Number of Pages 548 : .
942 ## - ADDED ENTRY ELEMENTS (KOHA)
Koha item type Books
Holdings
Withdrawn status Lost status Damaged status Home library Current library Date acquired Cost, normal purchase price Full call number Accession Number Koha item type
      KAUAET KAUAET 04/06/2018 2950.00 635.9 TIW/FU 25737 Books
free website counter